000 00909nmm a2200265 a 4500
001 ocm000700854
003 TR-IsHL
005 20201028135514.0
008 131209s1997 tu tur
007 cr cn
035 _a700854
_b(N$T)
050 0 4 _aHC1055
_b.N55 1997
090 0 4 _aHC1055
_b.N55 1997
245 1 0 _aNijerya ülke etüdü
_h[electronic resource] /
_chaz. Muhsin Akgür, Tezer Palacıoğlu
260 _aİstanbul :
_bİstanbul Ticaret Odası,
_c1997
300 _a168 p.
650 4 _aEkonomi ve Finans
650 4 _aEconomics and Finance
650 0 _aNijerya
_x Ekonomik koşullar
650 0 _aNigeria
_x Economic conditions
650 7 _aBUSINESS & ECONOMICS / Development / Economic Development
_2bisacsh
700 1 _aAkgür, Muhsin
700 1 _aPalacıoğlu, Tezer
856 4 0 _uhttp://search.ebscohost.com/login.aspx?direct=true&scope=site&db=e011xww&AN=700854
999 _c6778
_d6778